[Event "IPCA Wch 22nd"]
[Site "Kastel"]
[Date "2023.06.13"]
[Round "1"]
[White "Lipilin, Ilia"]
[Black "Dzenisenia, Mikhail"]
[Result "1/2-1/2"]
[WhiteElo "2164"]
[BlackElo "1562"]
[PlyCount "116"]
[EventDate "2023.06.13"]
[EventType "swiss"]
[EventRounds "9"]
[EventCountry "SRB"]
[SourceTitle "CBM 214 Extra"]
[Source "ChessBase"]
[SourceDate "2023.07.31"]
[SourceVersion "1"]
[SourceVersionDate "2023.07.31"]
[SourceQuality "1"]

1. d4 d5 2. c4 c6 3. Nf3 Nf6 4. e3 a6 5. Nc3 g6 6. a4 Bg7 7. Bd3 0-0 8. 0-0 Nbd7 9. cxd5 cxd5 10. Qb3 Qb6 11. Qa3 Re8 12. a5 Qc7 13. Bd2 e5 14. Rac1 Bf8 15. Qa4 Qd6 16. dxe5 Nxe5 17. Nxe5 Rxe5 18. Ne2 Ne4 19. Bxe4 Rxe4 20. Qb3 Bd7 21. Bc3 Rb8 22. Ng3 Rc4 23. Qxc4 dxc4 24. Ne4 Qc6 25. Nf6+ Kh8 26. Nxd7+ Bg7 27. Nxb8 Qc7 28. Rfd1 Qxb8 29. Bxg7+ Kxg7 30. Rxc4 Qe5 31. b4 Qb5 32. Rf4 Qa4 33. Rc1 Qa3 34. Rfc4 Qb3 35. g3 Qb2 36. Rd1 h5 37. h4 Qa3 38. Rd7 Qa1+ 39. Kg2 g5 40. hxg5 Qa4 41. Rxb7 Qd1 42. Rd4 Qc2 43. Rdd7 Qe4+ 44. Kg1 Qb1+ 45. Kh2 Qf1 46. Rxf7+ Kg6 47. Rf4 Kxg5 48. Rb6 h4 49. gxh4+ Kh5 50. Rf3 Qd1 51. Rg3 Qf1 52. Rg2 Qe1 53. Rb8 Qa1 54. f4 Qf6 55. Rg5+ Kxh4 56. Rg2 Kh5 57. Rbg8 Qh4+ 58. Kg1 Qe1+ 1/2-1/2

[Event "Sochi IPCA op"]
[Site "Sochi"]
[Date "2022.10.03"]
[Round "2"]
[White "Zakharova, Evgenia"]
[Black "Lipilin, Ilia"]
[Result "1/2-1/2"]
[WhiteElo "1840"]
[BlackElo "2170"]
[PlyCount "88"]
[EventDate "2022.10.03"]
[EventType "swiss"]
[EventRounds "7"]
[EventCountry "RUS"]
[SourceTitle "CBM 210 Extra"]
[Source "ChessBase"]
[SourceDate "2022.11.30"]
[SourceVersion "1"]
[SourceVersionDate "2022.11.30"]
[SourceQuality "1"]

1. d4 d5 2. c4 dxc4 3. e3 Nf6 4. Nf3 e6 5. Bxc4 a6 6. Qe2 b5 7. Bd3 c5 8. dxc5 Bxc5 9. 0-0 Nbd7 10. Nbd2 Bb7 11. a4 b4 12. e4 e5 13. Nc4 Qe7 14. Na5 Bc8 15. h3 0-0 16. b3 Re8 17. Rd1 Nf8 18. Be3 Bxe3 19. Qxe3 Ng6 20. Nc6 Qb7 21. Rac1 Be6 22. Na5 Qe7 23. Ng5 Nh5 24. Nxe6 Qxe6 25. Bc4 Qf6 26. Bd5 Rac8 27. g3 Ne7 28. Rxc8 Rxc8 29. Bb7 Rf8 30. h4 h6 31. Qe2 Nxg3 32. fxg3 Qb6+ 33. Kg2 Qxa5 34. Bxa6 Qb6 35. Bb5 Rc8 36. Qf2 Qxf2+ 37. Kxf2 Rc2+ 38. Ke3 Nc6 39. Bxc6 Rxc6 40. Rd3 Rc2 41. Rd2 Rc1 42. Ke2 f6 43. Rd1 Rc8 44. Rd7 Rc2+ 1/2-1/2

[Event "IPCA Wch 21st"]
[Site "Ashdod"]
[Date "2022.05.14"]
[Round "7"]
[White "Lipilin, Ilia"]
[Black "Alperovich, Asher"]
[Result "1-0"]
[WhiteElo "2198"]
[BlackElo "1865"]
[PlyCount "85"]
[EventDate "2022.05.09"]
[EventType "swiss"]
[EventRounds "9"]
[EventCountry "ISR"]
[SourceTitle "CBM 208 Extra"]
[Source "ChessBase"]
[SourceDate "2022.07.31"]
[SourceVersion "1"]
[SourceVersionDate "2022.07.31"]
[SourceQuality "1"]

1. f4 d5 2. Nf3 Nf6 3. d3 b6 4. g3 Bb7 5. Bg2 g6 6. c3 Bg7 7. 0-0 c5 8. e4 dxe4 9. Ng5 0-0 10. Nxe4 Nc6 11. Be3 Qd7 12. Na3 Rad8 13. Nxf6+ Bxf6 14. Qa4 Na5 15. Qxd7 Rxd7 16. Be4 Rfd8 17. Rab1 Ba6 18. c4 Bb7 19. Rfe1 Nc6 20. Nc2 Kg7 21. Kf2 Kf8 22. a3 a5 23. b3 e6 24. Red1 Bc3 25. Ke2 f5 26. Bf3 Kf7 27. Bf2 Ba8 28. Be1 Bxe1 29. Bxc6 Bxc6 30. Nxe1 Kf6 31. b4 axb4 32. axb4 Ra8 33. b5 Bb7 34. Ra1 Rdd8 35. Ke3 e5 36. Nc2 Rxa1 37. Rxa1 Ra8 38. Rxa8 Bxa8 39. Na3 h6 40. Nb1 g5 41. Nc3 h5 42. Na4 h4 43. Nxb6 1-0

[Event "Online Olym Div3 A"]
[Site "Chess.com INT"]
[Date "2021.08.27"]
[Round "2.4"]
[White "Lipilin, Ilia"]
[Black "Bai, Adelard"]
[Result "0-1"]
[WhiteElo "2189"]
[BlackElo "2399"]
[PlyCount "70"]
[EventDate "2021.08.27"]
[EventType "team-tourn (rapid)"]
[EventRounds "9"]
[EventCountry "USA"]
[SourceTitle "CBM 204 Extra"]
[Source "ChessBase"]
[SourceDate "2021.11.30"]
[SourceVersion "1"]
[SourceVersionDate "2021.11.30"]
[SourceQuality "1"]
[WhiteTeam "IPCA"]
[BlackTeam "Taiwan"]
[BlackTeamCountry "TPE"]

1. f4 d5 2. Nf3 c5 3. d3 Nf6 4. g3 Nc6 5. Bg2 g6 6. c3 Bg7 7. 0-0 0-0 8. Qc2 d4 9. e4 dxe3 10. Bxe3 Bf5 11. Rd1 c4 12. Ne1 Ng4 13. Qe2 Nd4 14. Qd2 cxd3 15. Na3 Ne2+ 16. Kh1 e5 17. Nxd3 Bxd3 18. Qxd3 Qxd3 19. Rxd3 exf4 20. gxf4 Nxf4 21. h3 Nxd3 22. hxg4 Nxb2 23. Rb1 Bxc3 24. Nb5 Be5 25. Bxa7 Rad8 26. Bxb7 Rd2 27. Re1 Nd3 28. Rf1 Rxa2 29. Bd5 Rb2 30. Na3 Nf4 31. Bf3 Rc8 32. Nb1 Rcc2 33. Bg1 Nh3 34. Be4 Rh2+ 35. Bxh2 Rxh2# 0-1

[Event "Online Olym Div2 B"]
[Site "Chess.com INT"]
[Date "2020.08.16"]
[Round "9.5"]
[White "Lipilin, Ilia"]
[Black "Lee, Qing Aun"]
[Result "0-1"]
[WhiteElo "2189"]
[BlackElo "2262"]
[PlyCount "72"]
[EventDate "2020.08.14"]
[EventType "team-tourn (rapid)"]
[EventRounds "9"]
[EventCountry "USA"]
[SourceTitle "CBM 198"]
[Source "ChessBase"]
[SourceDate "2020.10.31"]
[SourceVersion "1"]
[SourceVersionDate "2020.10.31"]
[SourceQuality "1"]
[WhiteTeam "IPCA"]
[BlackTeam "Singapore"]
[BlackTeamCountry "SIN"]

1. f4 c5 2. Nf3 Nc6 3. d3 g6 4. g3 Bg7 5. Bg2 d6 6. 0-0 e6 7. e4 Nge7 8. Nc3 0-0 9. Be3 Nd4 10. Rb1 h6 11. Ne2 Nxf3+ 12. Bxf3 Rb8 13. c3 b6 14. d4 Ba6 15. Qa4 Bd3 16. Rbd1 b5 17. Qa3 c4 18. b4 d5 19. e5 Nf5 20. Qc1 h5 21. Bd2 a5 22. Qa3 Ra8 23. Ra1 Qb6 24. Rf2 Rfb8 25. Nc1 axb4 26. Qxb4 Bf8 27. Qb2 Ba3 28. Nxd3 Bxb2 29. Nxb2 b4 30. Kg2 bxc3 31. Bxc3 Ra3 32. Nd1 Rxc3 33. Nxc3 Ne3+ 34. Kg1 Qxd4 35. Rc1 Qxc3 36. Rxc3 Rb1+ 0-1

[Event "Online Olym Div2 B"]
[Site "Chess.com INT"]
[Date "2020.08.14"]
[Round "3.5"]
[White "Laohawirapap, Prin"]
[Black "Lipilin, Ilia"]
[Result "0-1"]
[WhiteElo "1913"]
[BlackElo "2189"]
[PlyCount "94"]
[EventDate "2020.08.14"]
[EventType "team-tourn (rapid)"]
[EventRounds "9"]
[EventCountry "USA"]
[SourceTitle "CBM 198"]
[Source "ChessBase"]
[SourceDate "2020.10.31"]
[SourceVersion "1"]
[SourceVersionDate "2020.10.31"]
[SourceQuality "1"]
[WhiteTeam "Thailand"]
[BlackTeam "IPCA"]
[WhiteTeamCountry "THA"]

1. e4 c5 2. Nc3 Nc6 3. Bb5 Nd4 4. Nf3 Nxb5 5. Nxb5 d5 6. exd5 a6 7. Nc3 Nf6 8. d4 c4 9. Ne5 Nxd5 10. Nxc4 Nxc3 11. bxc3 Qc7 12. Qd3 Bf5 13. Qxf5 Qxc4 14. Qd3 Rc8 15. Bd2 e6 16. 0-0 Ba3 17. Qg3 Bf8 18. f4 g6 19. f5 gxf5 20. Rxf5 exf5 21. Qe5+ Kd7 22. Qxh8 Bh6 23. Qxh7 Bxd2 24. Qxf5+ Qe6 25. Qh7 Bxc3 26. Rf1 Bxd4+ 27. Kh1 Kc6 28. Qd3 Rd8 29. c3 Bb6 30. Qf3+ Qd5 31. Qg4 Kc7 32. Qf4+ Kc8 33. c4 Qd7 34. a4 Bc7 35. Qf3 Rh8 36. g3 Qh3 37. Rf2 Qxg3 38. Qxg3 Bxg3 39. Rxf7 Rxh2+ 40. Kg1 Ra2 41. Rg7 Be5 42. Re7 Bd4+ 43. Kf1 Rxa4 44. Re8+ Kd7 45. Re4 Rxc4 46. Ke2 b5 47. Kd3 Kd6 0-1

[Event "Online Olym Div2 B"]
[Site "Chess.com INT"]
[Date "2020.08.14"]
[Round "2.5"]
[White "Lipilin, Ilia"]
[Black "Sahidi, Samir"]
[Result "0-1"]
[WhiteElo "2189"]
[BlackElo "2393"]
[PlyCount "124"]
[EventDate "2020.08.14"]
[EventType "team-tourn (rapid)"]
[EventRounds "9"]
[EventCountry "USA"]
[SourceTitle "CBM 198"]
[Source "ChessBase"]
[SourceDate "2020.10.31"]
[SourceVersion "1"]
[SourceVersionDate "2020.10.31"]
[SourceQuality "1"]
[WhiteTeam "IPCA"]
[BlackTeam "Slovakia"]
[BlackTeamCountry "SVK"]

1. d4 Nf6 2. c4 e6 3. Nc3 Bb4 4. f3 d5 5. a3 Bxc3+ 6. bxc3 0-0 7. cxd5 exd5 8. e3 c5 9. Bd3 b6 10. Ne2 Ba6 11. Bxa6 Nxa6 12. Qd3 Nc7 13. 0-0 Re8 14. Ng3 Ne6 15. Ra2 Qd7 16. Re2 Rad8 17. Bb2 h5 18. Rd1 Qa4 19. Nh1 c4 20. Qb1 Nf4 21. Ree1 Nd3 22. Rxd3 cxd3 23. Qxd3 b5 24. Ng3 Qc4 25. Qc2 a5 26. Qd2 Rb8 27. e4 dxe4 28. Nxe4 Nxe4 29. fxe4 b4 30. axb4 axb4 31. cxb4 Rxb4 32. Ba1 Ra4 33. d5 Qc5+ 34. Kh1 Raxe4 35. Rf1 Qe3 36. Qb2 Qg5 37. d6 Re1 38. Qf2 Rxf1+ 39. Qxf1 Qd2 40. d7 Qxd7 41. Bc3 Qe6 42. h3 Qe2 43. Qc1 Rc8 44. Qa1 Qc2 45. Be5 Qc1+ 46. Qxc1 Rxc1+ 47. Kh2 Rc2 48. Kg3 f6 49. Bd4 Kf7 50. Kf3 Ke6 51. Be3 g5 52. g4 hxg4+ 53. hxg4 Ke5 54. Bb6 Rc3+ 55. Kg2 Kf4 56. Bd4 Rg3+ 57. Kh2 Kxg4 58. Bxf6 Rd3 59. Kg2 Rd2+ 60. Kf1 Kf3 61. Ke1 Rd5 62. Bc3 g4 0-1

[Event "Online Olym Div3 B"]
[Site "Chess.com INT"]
[Date "2020.08.09"]
[Round "7.3"]
[White "Doluweera, Minul Sanjula"]
[Black "Lipilin, Ilia"]
[Result "1-0"]
[WhiteElo "2139"]
[BlackElo "2189"]
[PlyCount "63"]
[EventDate "2020.08.07"]
[EventType "team-tourn (rapid)"]
[EventRounds "9"]
[EventCountry "USA"]
[SourceTitle "CBM 198"]
[Source "ChessBase"]
[SourceDate "2020.10.31"]
[SourceVersion "1"]
[SourceVersionDate "2020.10.31"]
[SourceQuality "1"]
[WhiteTeam "Sri Lanka"]
[BlackTeam "IPCA"]
[WhiteTeamCountry "SRI"]

1. d4 d5 2. c4 dxc4 3. Nf3 Nf6 4. e3 e6 5. Bxc4 a6 6. a4 c5 7. 0-0 Nc6 8. Qe2 cxd4 9. Rd1 Be7 10. exd4 0-0 11. Nc3 Nb4 12. Ne5 Nbd5 13. Rd3 Qc7 14. Rg3 Rd8 15. Bh6 g6 16. h4 Bf8 17. Bg5 Bg7 18. Qf3 Rf8 19. Bxd5 Nxd5 20. Nxd5 exd5 21. Bf6 Qb6 22. Bxg7 Kxg7 23. h5 Qxd4 24. h6+ Kxh6 25. Qf6 Qe4 26. Raa3 Qf5 27. Rh3+ Qxh3 28. gxh3 Be6 29. Ng4+ Kh5 30. Qg7 Bxg4 31. hxg4+ Kxg4 32. Qf6 1-0

[Event "IPCA Wch 19th"]
[Site "Ruzomberok"]
[Date "2019.07.06"]
[Round "9"]
[White "Lipilin, Ilia"]
[Black "Jurkiewicz, Krzysztof1111"]
[Result "1-0"]
[WhiteElo "2084"]
[BlackElo "2007"]
[PlyCount "125"]
[EventDate "2019.06.28"]
[EventType "swiss"]
[EventRounds "9"]
[EventCountry "SVK"]
[SourceTitle "CBM 191 Extra"]
[Source "ChessBase"]
[SourceDate "2019.09.30"]
[SourceVersion "1"]
[SourceVersionDate "2019.09.30"]
[SourceQuality "1"]

1. d4 Nf6 2. c4 g6 3. Nc3 Bg7 4. e4 d6 5. Be2 0-0 6. Bg5 c5 7. d5 h6 8. Bf4 b5 9. cxb5 a6 10. a4 axb5 11. Bxb5 Ba6 12. Nf3 Nbd7 13. 0-0 Qb6 14. Nd2 Ra7 15. Nc4 Qc7 16. Qe2 Rfa8 17. Bc6 Nh5 18. Bd2 Ne5 19. Bb5 Nxc4 20. Qxc4 Nf6 21. Bxa6 Rxa6 22. Nb5 Qb8 23. Bc3 Nd7 24. Bxg7 Kxg7 25. b3 Kg8 26. Rab1 Qd8 27. Qc1 Kg7 28. Qc3+ Kh7 29. Rbe1 Rc8 30. Na3 Rb6 31. f4 Rb4 32. Nc2 Rb7 33. Na3 Qb6 34. Nb5 c4+ 35. Kh1 Qc5 36. b4 Qb6 37. Rb1 Nf6 38. Rfe1 Ra8 39. Ra1 Ng4 40. h3 Nf2+ 41. Kh2 Nd3 42. Rf1 Rxa4 43. Rxa4 Qxb5 44. Ra8 f6 45. Rc8 Qxb4 46. Qxc4 Qd2 47. Qc2 Qxc2 48. Rxc2 Rb4 49. e5 Nxf4 50. exd6 exd6 51. Rc7+ Kg8 52. Ra1 Rb8 53. Raa7 g5 54. Rg7+ Kh8 55. Rgd7 Nxd5 56. Rxd6 Nf4 57. Rxf6 h5 58. h4 Re8 59. hxg5 Ne6 60. Rh6+ Kg8 61. g6 Rc8 62. g7 Rc7 63. Ra8+ 1-0

[Event "IPCA Wch 19th"]
[Site "Ruzomberok"]
[Date "2019.06.29"]
[Round "2"]
[White "Nowak, Lukasz1111"]
[Black "Lipilin, Ilia"]
[Result "1-0"]
[WhiteElo "2267"]
[BlackElo "2084"]
[PlyCount "69"]
[EventDate "2019.06.28"]
[EventType "swiss"]
[EventRounds "9"]
[EventCountry "SVK"]
[SourceTitle "CBM 191 Extra"]
[Source "ChessBase"]
[SourceDate "2019.09.30"]
[SourceVersion "1"]
[SourceVersionDate "2019.09.30"]
[SourceQuality "1"]

1. d4 d5 2. c4 dxc4 3. e4 Nc6 4. Nf3 Bg4 5. d5 Ne5 6. Bf4 Ng6 7. Be3 e6 8. Qa4+ Qd7 9. Qxd7+ Kxd7 10. Bxc4 Bb4+ 11. Nc3 Bxf3 12. gxf3 e5 13. 0-0-0 Nf6 14. h4 Nh5 15. Ne2 a6 16. Rdg1 Be7 17. Ng3 Ngf4 18. Bf1 g6 19. Kb1 Bb4 20. Bh3+ Ke7 21. Bg4 Nf6 22. Bxf4 exf4 23. Ne2 Bd6 24. Nc1 Be5 25. Nd3 Kd6 26. Rc1 Ne8 27. h5 g5 28. h6 Bd4 29. Rhd1 Rd8 30. Rc2 Be5 31. Nc5 Rb8 32. Rd3 a5 33. Rb3 b6 34. Nd7 a4 35. Rd3 1-0

[Event "W-ch Disabled"]
[Site "Dresden"]
[Date "2017.10.13"]
[Round "7"]
[White "Lipilin, Ilia"]
[Black "Checiak, Krzysztof"]
[Result "1-0"]
[WhiteElo "1883"]
[BlackElo "2049"]
[PlyCount "130"]
[EventDate "2017.10.06"]
[EventType "swiss"]
[EventRounds "7"]
[EventCountry "GER"]
[SourceTitle "CBM 181 Extra"]
[Source "ChessBase"]
[SourceDate "2017.12.12"]
[SourceVersion "1"]
[SourceVersionDate "2017.12.12"]
[SourceQuality "1"]

1. c4 g6 2. Nc3 Bg7 3. d4 Nf6 4. e4 d6 5. f3 0-0 6. Bg5 h6 7. Be3 Nbd7 8. Nh3 c6 9. Qd2 Kh7 10. Nf2 a6 11. Be2 b5 12. cxb5 axb5 13. 0-0 Bb7 14. a3 Qa5 15. b4 Qd8 16. Nd3 Nb6 17. Nb2 Nfd7 18. Kh1 e6 19. Rfd1 Qf6 20. e5 dxe5 21. Ne4 Qe7 22. dxe5 Nd5 23. f4 Rfb8 24. Bc5 Nxc5 25. Nxc5 Bc8 26. Bf3 Ra7 27. Nb3 f6 28. Nd3 fxe5 29. fxe5 Rd7 30. Na5 Rb6 31. Rac1 Rc7 32. Qf2 Ra6 33. Nc5 Ra8 34. Nd3 Bd7 35. Be4 Qg5 36. Nc5 Bc8 37. Nd3 Bd7 38. Nc5 Rf8 39. Qe2 Bxe5 40. Nxd7 Rxd7 41. Nxc6 Bf4 42. Rc2 Rdf7 43. Bxd5 exd5 44. Nd4 Re7 45. Ne6 Rxe6 46. Qxe6 Bxh2 47. Qd7+ Kg8 48. Qxd5+ Qxd5 49. Rxd5 Bg3 50. Rc1 Rf4 51. Rd7 Rf8 52. Rcd1 Bh4 53. Rb7 Rf5 54. Rc1 Rf8 55. Rxb5 h5 56. Rb7 Bg3 57. a4 Bf4 58. Rd1 g5 59. a5 g4 60. a6 Be3 61. a7 g3 62. b5 h4 63. b6 Bf4 64. Rbd7 Bg5 65. b7 Bd2 1-0

[Event "IPCA Wch 17th"]
[Site "Ruzomberok"]
[Date "2017.05.28"]
[Round "1"]
[White "Kostova, Erika"]
[Black "Lipilin, Ilia"]
[Result "0-1"]
[WhiteElo "1198"]
[BlackElo "1951"]
[PlyCount "66"]
[EventDate "2017.05.28"]
[EventType "swiss"]
[EventRounds "9"]
[EventCountry "SVK"]
[SourceTitle "EXT 2018"]
[Source "ChessBase"]
[SourceDate "2017.10.13"]
[SourceVersion "1"]
[SourceVersionDate "2017.10.13"]
[SourceQuality "1"]

1. Nf3 f5 2. d4 Nf6 3. c4 g6 4. Nc3 Bg7 5. e3 d6 6. Be2 c6 7. Bd2 Qc7 8. Qc2 0-0 9. Bd3 Kh8 10. h3 e5 11. Be2 Be6 12. b3 Nbd7 13. Ng5 Bg8 14. h4 h6 15. Nh3 Rae8 16. 0-0-0 a5 17. a4 d5 18. c5 b6 19. cxb6 Qxb6 20. Be1 Rb8 21. Kb2 Ne4 22. Nxe4 dxe4 23. Bc4 exd4 24. exd4 Nc5 25. Ka3 Nd3 26. Bxg8 Rxg8 27. Bc3 c5 28. d5 c4 29. Bxg7+ Rxg7 30. Qxc4 Rc7 31. Qb5 Qd6+ 32. Ka2 Rc2+ 33. Kb1 Rb2+ 0-1

[Event "IPCA Wch 15th"]
[Site "Bratislava"]
[Date "2015.06.24"]
[Round "7"]
[White "Lipilin, Ilia"]
[Black "Gedgafov, Chamal"]
[Result "0-1"]
[WhiteElo "1631"]
[BlackElo "2260"]
[PlyCount "98"]
[EventDate "2015.06.19"]
[EventType "swiss"]
[EventRounds "9"]
[EventCountry "SVK"]
[SourceTitle "CBM 167 Extra"]
[Source "ChessBase"]
[SourceDate "2015.09.14"]
[SourceVersion "1"]
[SourceVersionDate "2015.09.14"]
[SourceQuality "1"]

1. d4 Nf6 2. c4 e6 3. Nc3 Bb4 4. f3 d5 5. Bg5 h6 6. Bh4 c5 7. e3 cxd4 8. exd4 Qa5 9. Qb3 Nc6 10. Rd1 dxc4 11. Bxc4 b5 12. Bxf6 gxf6 13. Be2 Bb7 14. a3 Bxc3+ 15. bxc3 a6 16. Nh3 Qc7 17. 0-0 Rc8 18. Rc1 Rg8 19. a4 b4 20. cxb4 Qb6 21. Kh1 Qxb4 22. Qxb4 Nxb4 23. Rxc8+ Bxc8 24. Nf4 Ke7 25. Rb1 a5 26. Kg1 Rd8 27. Rc1 Bd7 28. Rc5 Ra8 29. Bb5 Rc8 30. Kf2 Rxc5 31. dxc5 Bxb5 32. axb5 a4 33. Ne2 a3 34. Nd4 a2 35. Nb3 Nd3+ 36. Ke3 Nxc5 37. Na1 e5 38. Kd2 Ke6 39. Kc3 Kd5 40. Nc2 Kd6 41. Kb2 Ne6 42. Kxa2 Kc5 43. Ne3 Kxb5 44. Ng4 Kc4 45. Nxh6 Kd4 46. Nf5+ Kd3 47. Kb3 Nd4+ 48. Nxd4 exd4 49. h4 Ke2 0-1

[Event "IPCA Wch 15th"]
[Site "Bratislava"]
[Date "2015.06.20"]
[Round "2"]
[White "Vovk, Viktor"]
[Black "Lipilin, Ilia"]
[Result "1/2-1/2"]
[WhiteElo "2146"]
[BlackElo "1631"]
[PlyCount "97"]
[EventDate "2015.06.19"]
[EventType "swiss"]
[EventRounds "9"]
[EventCountry "SVK"]
[SourceTitle "CBM 167 Extra"]
[Source "ChessBase"]
[SourceDate "2015.09.14"]
[SourceVersion "1"]
[SourceVersionDate "2015.09.14"]
[SourceQuality "1"]

1. e4 e6 2. d4 d5 3. Nc3 Bb4 4. Nge2 Ne7 5. a3 Bxc3+ 6. Nxc3 Nbc6 7. Be3 0-0 8. e5 Nf5 9. Qg4 Nxe3 10. fxe3 f6 11. exf6 Qxf6 12. Qg3 Rf7 13. Bd3 a6 14. Rf1 Qe7 15. Rxf7 Qxf7 16. 0-0-0 b5 17. Ne2 Bb7 18. Qf4 Rf8 19. Qxf7+ Rxf7 20. Nf4 Nxd4 21. Nh3 Nf5 22. Ng5 Re7 23. Kd2 h6 24. Nxe6 Nxe3 25. Kxe3 Rxe6+ 26. Kd4 Kf7 27. Rf1+ Rf6 28. Ke5 Ke7 29. b4 Re6+ 30. Kd4 Rf6 31. g3 Rxf1 32. Bxf1 Kd6 33. Bh3 a5 34. bxa5 c5+ 35. Kd3 Ba6 36. Ke3 d4+ 37. Ke4 Bb7+ 38. Kd3 Ke5 39. Bd7 Ba6 40. Kd2 c4 41. c3 d3 42. Ke3 Kd6 43. Be8 Kc5 44. Bd7 Bb7 45. Kd2 Bc6 46. Bc8 Kd6 47. Ba6 Bd7 48. Bb7 Kc7 49. Ba6 1/2-1/2